000 00811nam a2200277Ia 4500
003 OSt
005 20221005091220.0
006 a|||||r|||| 00| 0
007 ta
008 221004b |||||||| |||| 00| 0 eng d
020 _a9780195177688 (pbk)
_c3084.32
024 _a90044
037 _b349, 19/03/2008, Bhartiya Sahitya Bhawan
_cTextual
040 _aCRL
_cCRL
_beng
041 _2eng
_aeng
082 _aR, P6
100 _aKolak Daniel
_9615933
245 0 _aExperience of philosophy
250 _a6th
260 _aNew York
_bOxford University USA
_c2006
300 _axii, 712p.
_ccm.
650 _aPHILOSOPHY
700 _a Martin Raymond
_918450
942 _hR, P6
_cTEXL
_2cc
999 _c996969
_d996969